Principles of Electrochemical Machining / (Record no. 11889)
[ view plain ]
| 000 -LEADER | |
|---|---|
| fixed length control field | 00703nam a22001817a 4500 |
| 008 - FIXED-LENGTH DATA ELEMENTS--GENERAL INFORMATION | |
| fixed length control field | 090618t xxu||||| |||| 00| 0 eng d |
| 020 ## - INTERNATIONAL STANDARD BOOK NUMBER | |
| International Standard Book Number | 0412119706 |
| 082 ## - DEWEY DECIMAL CLASSIFICATION NUMBER | |
| Edition number | 18 |
| Classification number | 671.35 |
| Item number | MCG |
| 100 ## - MAIN ENTRY--PERSONAL NAME | |
| Personal name | McGeough |
| Dates associated with a name | 1940- |
| Fuller form of name | J. A. (Joseph Anthony), |
| 9 (RLIN) | 6430 |
| 245 ## - TITLE STATEMENT | |
| Title | Principles of Electrochemical Machining / |
| Statement of responsibility, etc | J.A. McGeough. |
| 260 ## - PUBLICATION, DISTRIBUTION, ETC. (IMPRINT) | |
| Place of publication, distribution, etc | London : |
| Name of publisher, distributor, etc | Chapman and Hall, |
| Date of publication, distribution, etc | c1974. |
| 300 ## - PHYSICAL DESCRIPTION | |
| Extent | xv, 255p. : |
| Other physical details | ill. ; |
| Dimensions | 24cm. |
| 500 ## - GENERAL NOTE | |
| General note | Includes index. |
| 650 ## - SUBJECT ADDED ENTRY--TOPICAL TERM | |
| Topical term or geographic name as entry element | Electrochemical cutting. |
| 9 (RLIN) | 6431 |
| 650 ## - SUBJECT ADDED ENTRY--TOPICAL TERM | |
| Topical term or geographic name as entry element | Metals Electrochemical machining |
| 9 (RLIN) | 6432 |
| 942 ## - ADDED ENTRY ELEMENTS (KOHA) | |
| Source of classification or shelving scheme | Dewey Decimal Classification |
| Item type | Book - Borrowing |
| Withdrawn status | Item status | Source of classification or shelving scheme | Damaged status | Not for loan | Vendor | Home library | Current library | Shelving location | Date acquired | Source of acquisition | Cost, normal purchase price | Total Checkouts | Full call number | Barcode | Date last seen | Koha item type |
|---|---|---|---|---|---|---|---|---|---|---|---|---|---|---|---|---|
| Dewey Decimal Classification | Alef-Baa | Central Library | Central Library | First floor | 18/06/2009 | 150.00 | 671.35 MCG | 000016880 | 15/07/2025 | Book - Borrowing |